000 00934nam a22002297a 4500
005 20240530110931.0
008 220221s1991 ua c g b 000 0 ara d
017 _bمصر. دار الكتب
040 _aEG-CaGPL
_cEG-CaGPL
082 0 4 _221
_a413.1 /
_bا م
100 0 _aمجد الدين المبارك بن محمد
245 1 0 _aالمرصع :
_bفى الاباء والامهات والبنين والبنات والاذواء والذوات /
_cتاليف مجد الدين المبارك بن محمد ؛ محقق ابراهيم السامرائى
260 _aبيروت :
_bدار الجيل،
_c1991
260 _aعمان :
_bدار عمار ،
_c1991
300 _a367 ص؛
_c24 سم
650 0 7 _aالاولاد
_2qrmak
650 0 7 _aتربية الابناء
_2qrmak
651 _2qrmak
700 _aابراهيم السامرائى
_eمحقق
942 _2ddc
_cBK
999 _c66646
_d66646